| 000 | 00517nam a2200181Ia 4500 | ||
|---|---|---|---|
| 001 | 43705 | ||
| 008 | 140425s9999 xx 000 0 und d | ||
| 020 | _aNA | ||
| 040 | _cPK-LaUMT | ||
| 082 |
_aRHC 327.73017671 _bAMJ-N |
||
| 100 | _aAmjad Hayat Malik | ||
| 245 |
_aNew world order (Urdu) _bshaitani aayat ki tahreek aur mazi ke aene main _cAmjad Hayat Malik |
||
| 260 |
_aLahore,Pakistan: _bShirkat Printing Press, _c1991 |
||
| 300 | _a317 p. | ||
| 546 | _aUR | ||
| 650 | _aNew World order-American | ||
| 942 | _cBK | ||
| 999 |
_c41706 _d41706 |
||